| 000 | 00879nam a22003137a 4500 | ||
|---|---|---|---|
| 001 | 0007688 | ||
| 003 | KOHA_MİRAKIL | ||
| 005 | 20260207001607.0 | ||
| 007 | ta | ||
| 008 | 090930b2008 tu |||gr||||#||||0|tur | | ||
| 020 | _a9786054001019 | ||
| 040 |
_aTR-BiSEU _btur _cTR-BiSEU _erda |
||
| 041 | 0 | _atur | |
| 044 | _ctu | ||
| 050 |
_aB823 _b.G86 2008 |
||
| 100 | 1 | _aGündem, Mehmet. | |
| 245 | 1 |
_aİnsanlık hali/ _cMehmet Gündem ; Mehmet Gündem. |
|
| 264 | 1 |
_aİstanbul : _bUfuk Çizgisi _c2008 |
|
| 300 | _a191 sayfa | ||
| 336 |
_ametin _btxt _2rdacontent |
||
| 337 |
_aaracısız _bn _2rdamedia |
||
| 338 |
_acilt _bnc _2rdacarrier |
||
| 490 | 1 |
_aUfuk Çizgisi ; _v2. |
|
| 490 | 1 |
_aGüncel Kitaplar ; _v1. |
|
| 650 | 0 |
_aİdeoloji--Dinsel yönler. _911347 |
|
| 830 | 1 |
_aUfuk Çizgisi ; _v2. _919087 |
|
| 830 | 1 |
_aGüncel Kitaplar ; _v1. _919088 |
|
| 942 |
_2lcc _cBK |
||
| 999 |
_c7665 _d7665 |
||